Anthology of the American short story / (Record no. 9132)

MARC details
000 -LEADER
fixed length control field 01062nac a22003131u 4500
003 - CONTROL NUMBER IDENTIFIER
control field EG-ScBUE
005 - DATE AND TIME OF LATEST TRANSACTION
control field 20201108092258.0
008 - FIXED-LENGTH DATA ELEMENTS--GENERAL INFORMATION
fixed length control field 200219t2008 mau f b 001 0 eng d
020 ## - INTERNATIONAL STANDARD BOOK NUMBER
International Standard Book Number 9780618732203 (instructor's copy)
020 ## - INTERNATIONAL STANDARD BOOK NUMBER
International Standard Book Number 0618732209 (instructor's copy)
020 ## - INTERNATIONAL STANDARD BOOK NUMBER
International Standard Book Number 0618444246
020 ## - INTERNATIONAL STANDARD BOOK NUMBER
International Standard Book Number 9780618444243
040 ## - CATALOGING SOURCE
Original cataloging agency EG-ScBUE
Language of cataloging eng
Description conventions rda
Transcribing agency EG-ScBUE
Modifying agency EG-ScBUE
082 04 - DEWEY DECIMAL CLASSIFICATION NUMBER
Classification number 813.0108 21
Item number NAG
Edition number 22
100 1# - MAIN ENTRY--PERSONAL NAME
Personal name Nagel, James,
Relator term author.
245 00 - TITLE STATEMENT
Title Anthology of the American short story /
Statement of responsibility, etc James Nagel, University of Georgia.
264 #1 - PUBLICATION, DISTRIBUTION, ETC. (IMPRINT)
Place of publication, distribution, etc Boston ;
-- New York :
Name of publisher, distributor, etc Houghton Mifflin Company,
Date of publication, distribution, etc [2008]
264 #4 - PUBLICATION, DISTRIBUTION, ETC. (IMPRINT)
Date of publication, distribution, etc c2008
300 ## - PHYSICAL DESCRIPTION
Extent xii, 975 pages ;
Dimensions 24 cm
336 ## - CONTENT TYPE
Source rdacontent
Content type term text
Content type code txt
337 ## - MEDIA TYPE
Source rdamedia
Media type term unmediated
Media type code n
338 ## - CARRIER TYPE
Source rdacarrier
Carrier type term volume
Carrier type code nc
500 ## - GENERAL NOTE
General note Distributer: Bacca
504 ## - BIBLIOGRAPHY, ETC. NOTE
Bibliography, etc Includes bibliographical references and index.
650 #7 - SUBJECT ADDED ENTRY--TOPICAL TERM
Topical term or geographic name as entry element Short stories, American.
Source of heading or term BUEsh
653 ## - INDEX TERM--UNCONTROLLED
Resource For college Humanities: English
Arrived date list November2020
655 ## - INDEX TERM--GENRE/FORM
Form subdivision Reading book
9 (RLIN) 34232
942 ## - ADDED ENTRY ELEMENTS (KOHA)
Koha item type Book - Borrowing
Call number prefix 813.0108 21NAG
Source of classification or shelving scheme Dewey Decimal Classification
Holdings
Withdrawn status Lost status Damaged status Not for loan Home library Current library Shelving location Date acquired Source of acquisition Total Checkouts Total Renewals Full call number Barcode Date last seen Date checked out Price effective from Koha item type
        Central Library Central Library Second Floor 08/04/2015 Purchase 3 47 813.0108 21NAG 000011165 15/07/2025 20/06/2017 15/04/2008 Book - Borrowing